[Event "Budapest-chT1 Lilienthal 1213"]
[Site "Budapest"]
[Date "2013.04.14"]
[Round "10"]
[White "Makai, Matyas"]
[Black "Vendeg, Balazs"]
[Result "0-1"]
[WhiteElo "2079"]
[BlackElo "1945"]
[PlyCount "54"]
[EventDate "2012.09.30"]
[EventType "team-tourn"]
[EventRounds "11"]
[EventCountry "HUN"]
[SourceTitle "EXT 2019"]
[Source "ChessBase"]
[SourceDate "2018.10.10"]
[SourceVersion "1"]
[SourceVersionDate "2018.10.10"]
[SourceQuality "1"]
[WhiteTeam "Budapest RAC"]
[BlackTeam "Budapest SENSE"]
[WhiteTeamCountry "HUN"]
[BlackTeamCountry "HUN"]

1. e4 d5 2. exd5 Qxd5 3. Nc3 Qd6 4. Nf3 Nf6 5. Bc4 a6 6. a4 Bg4 7. h3 Bh5 8. g4 Bg6 9. d3 e6 10. Qe2 Nc6 11. Be3 Be7 12. 0-0 h5 13. g5 Ng4 14. Ne4 Bxe4 15. dxe4 Nxe3 16. Qxe3 Ne5 17. Nxe5 Qxe5 18. h4 Bc5 19. Qf3 Bd6 20. Qg2 Qf4 21. Rfe1 Qxh4 22. g6 Rh6 23. gxf7+ Kxf7 24. Qf3+ Rf6 25. Qe3 Qg4+ 26. Kf1 Rf3 27. Qd4 Rh3 0-1

[Event "Budapest-chT1 Lilienthal 1213"]
[Site "Budapest"]
[Date "2012.09.30"]
[Round "1"]
[White "Felmery, Adam"]
[Black "Vendeg, Balazs"]
[Result "0-1"]
[WhiteElo "1739"]
[BlackElo "1945"]
[PlyCount "78"]
[EventDate "2012.09.30"]
[EventType "team-tourn"]
[EventRounds "11"]
[EventCountry "HUN"]
[SourceTitle "EXT 2019"]
[Source "ChessBase"]
[SourceDate "2018.10.10"]
[SourceVersion "1"]
[SourceVersionDate "2018.10.10"]
[SourceQuality "1"]
[WhiteTeam "Budapest Vasas II"]
[BlackTeam "Budapest SENSE"]
[WhiteTeamCountry "HUN"]
[BlackTeamCountry "HUN"]

1. d4 Nf6 2. c4 e6 3. Nc3 Bb4 4. Bg5 c5 5. e4 cxd4 6. Qxd4 Nc6 7. Bxf6 gxf6 8. Qe3 Qa5 9. Nf3 Bxc3+ 10. Qxc3 Qxc3+ 11. bxc3 b6 12. Bd3 Ba6 13. Rd1 Ne5 14. Nxe5 fxe5 15. c5 Bxd3 16. Rxd3 bxc5 17. 0-0 Ke7 18. Rfd1 Rhd8 19. g3 Rab8 20. R3d2 d6 21. f4 exf4 22. gxf4 Rb6 23. Rg2 Rdb8 24. Rgd2 Ra6 25. e5 d5 26. c4 d4 27. Rf1 Ra4 28. f5 Rg8+ 29. Kh1 exf5 30. Rxf5 Rxc4 31. Rd1 Rc2 32. Rdf1 Rg7 33. h4 Ke6 34. Rf6+ Kd5 35. Re1 Rc3 36. Kh2 Re3 37. Rxe3 dxe3 38. Rf3 Ke4 39. Rf1 e2 0-1

[Event "Budapest-chT1 Lilienthal 1112"]
[Site "Budapest"]
[Date "2012.02.26"]
[Round "8"]
[White "Halak, Miklos"]
[Black "Vendeg, Balazs"]
[Result "0-1"]
[WhiteElo "2037"]
[BlackElo "1915"]
[PlyCount "84"]
[EventDate "2011.10.02"]
[EventType "team-tourn"]
[EventRounds "11"]
[EventCountry "HUN"]
[SourceTitle "EXT 2020"]
[Source "ChessBase"]
[SourceDate "2019.10.17"]
[SourceVersion "1"]
[SourceVersionDate "2019.10.17"]
[SourceQuality "1"]
[WhiteTeam "Fabulon"]
[BlackTeam "Hid Unio"]
[WhiteTeamCountry "HUN"]
[BlackTeamCountry "HUN"]

1. e4 Nf6 2. e5 Nd5 3. d4 d6 4. c4 Nb6 5. exd6 exd6 6. Bd3 Nc6 7. Ne2 Be7 8. Nbc3 Bg4 9. Be3 0-0 10. a3 Bf6 11. Qc2 g6 12. h3 Bxe2 13. Nxe2 d5 14. c5 Nc8 15. 0-0 N8e7 16. b4 a6 17. Rfb1 b6 18. b5 axb5 19. Bxb5 bxc5 20. Qxc5 Qd6 21. Qc3 Rfb8 22. Bf4 Qe6 23. a4 Nxd4 24. Nxd4 Qe4 25. Be3 Nf5 26. Rb4 c5 27. Qxc5 Nxe3 28. fxe3 Qxe3+ 29. Kh1 Be7 30. Qxd5 Bxb4 31. Rf1 Rf8 32. Bc4 Rad8 33. Qb7 Bd6 34. Nc6 Qg3 35. Bxf7+ Kg7 36. Qb2+ Kh6 37. Qc1+ Kg7 38. Qb2+ Kh6 39. Qc1+ g5 40. Rf6+ Kg7 41. Rxd6 Rxd6 42. Qb2+ Kh6 0-1

[Event "Budapest-chT1 Lilienthal 1011"]
[Site "Budapest"]
[Date "2011.02.06"]
[Round "8"]
[White "Horvath, Ilona Klara"]
[Black "Vendeg, Balazs"]
[Result "0-1"]
[WhiteElo "1815"]
[BlackElo "1888"]
[PlyCount "88"]
[EventDate "2010.09.19"]
[EventType "team-tourn"]
[EventRounds "11"]
[EventCountry "HUN"]
[SourceTitle "EXT 2020"]
[Source "ChessBase"]
[SourceDate "2019.10.17"]
[SourceVersion "1"]
[SourceVersionDate "2019.10.17"]
[SourceQuality "1"]
[WhiteTeam "Fabulon"]
[BlackTeam "Hid Unio"]
[WhiteTeamCountry "HUN"]
[BlackTeamCountry "HUN"]

1. e4 e6 2. f4 d5 3. e5 c5 4. Nf3 Nc6 5. c3 Nge7 6. Be2 b6 7. 0-0 Qc7 8. Na3 Ng6 9. d3 a6 10. c4 d4 11. h4 Nge7 12. g4 h5 13. g5 g6 14. Nc2 Nf5 15. Kh2 Bb7 16. Kh3 Be7 17. a3 0-0 18. Nd2 Rfd8 19. Ne4 b5 20. b3 Rd7 21. Nf6+ Bxf6 22. gxf6 Na5 23. Rb1 Rad8 24. Ne1 bxc4 25. bxc4 Ba8 26. Rg1 Nxc4 27. Bxh5 Nce3 28. Bxe3 dxe3 29. Bxg6 fxg6 30. Rxg6+ Kh8 31. Kg4 Rh7 32. h5 Rxh5 33. Nf3 Qh7 34. Qe1 Qxg6+ 35. Ng5 Rh4+ 36. Qxh4+ Nxh4 37. Kxh4 Qh6+ 38. Kg4 Qg6 39. Rb2 Qf5+ 40. Kg3 e2 41. Rxe2 Rxd3+ 42. Kh4 Qxf4+ 43. Kh5 Bf3+ 44. Kg6 Qxg5+ 0-1

[Event "Budapest Karacsonyi op 2nd"]
[Site "Budapest"]
[Date "2010.12.28"]
[Round "3"]
[White "Vendeg, Balazs"]
[Black "Yip, Michael"]
[Result "1/2-1/2"]
[WhiteElo "1881"]
[BlackElo "2019"]
[PlyCount "113"]
[EventDate "2010.12.27"]
[EventType "swiss"]
[EventRounds "7"]
[EventCountry "HUN"]
[SourceTitle "EXT 2022"]
[Source "ChessBase"]
[SourceDate "2021.10.06"]
[SourceVersion "1"]
[SourceVersionDate "2021.10.06"]
[SourceQuality "1"]

1. d4 Nf6 2. Nf3 b6 3. c3 Bb7 4. Nbd2 g6 5. Qc2 Bg7 6. e4 d6 7. Bd3 0-0 8. 0-0 e6 9. b4 a5 10. bxa5 Rxa5 11. Nb3 Ra7 12. Bg5 Qe8 13. Rfe1 e5 14. dxe5 dxe5 15. Nfd2 h6 16. Bh4 Nbd7 17. f3 Nh5 18. Bf2 Nf4 19. Bb5 Qe7 20. a4 c6 21. Bf1 Raa8 22. Red1 Rfd8 23. Nc4 b5 24. axb5 Rxa1 25. Rxa1 cxb5 26. Nca5 Ba8 27. Bxb5 Qg5 28. Bf1 Nh3+ 29. Kh1 Nxf2+ 30. Qxf2 Nf8 31. Nc4 Ne6 32. Ncd2 Bf8 33. Qg3 Qe3 34. Qe1 Qxc3 35. Rc1 Qb4 36. Qe3 Kg7 37. Nc4 Nc5 38. Nbd2 Qb8 39. Rb1 Qc7 40. h3 Be7 41. Qc3 Bf6 42. Ne3 Qd6 43. Ndc4 Qd4 44. Qa5 Nd3 45. Bxd3 Qxd3 46. Rd1 Qxd1+ 47. Nxd1 Rxd1+ 48. Kh2 Bc6 49. Qc7 Be8 50. Nd6 Kf8 51. Qb8 Rxd6 52. Qxd6+ Kg7 53. g4 g5 54. Kg3 Ba4 55. Qb4 Bd7 56. Qd2 Be6 57. Qb4 1/2-1/2

[Event "Budapest-chT1 Lilienthal 1011"]
[Site "Budapest"]
[Date "2010.11.28"]
[Round "5"]
[White "Vendeg, Balazs"]
[Black "Kiss, Balazs3333"]
[Result "1-0"]
[WhiteElo "1888"]
[BlackElo "1715"]
[PlyCount "73"]
[EventDate "2010.09.19"]
[EventType "team-tourn"]
[EventRounds "11"]
[EventCountry "HUN"]
[SourceTitle "EXT 2020"]
[Source "ChessBase"]
[SourceDate "2019.10.17"]
[SourceVersion "1"]
[SourceVersionDate "2019.10.17"]
[SourceQuality "1"]
[WhiteTeam "Hid Unio"]
[BlackTeam "Vizugy II"]
[WhiteTeamCountry "HUN"]
[BlackTeamCountry "HUN"]

1. d4 Nf6 2. Nf3 d5 3. c4 c6 4. cxd5 cxd5 5. Nc3 e6 6. Bf4 Bd6 7. Bxd6 Qxd6 8. e3 a6 9. Ne5 Nbd7 10. f4 0-0 11. Bd3 b5 12. 0-0 Bb7 13. Qf3 b4 14. Ne2 Ne4 15. Qh3 f5 16. Qh4 a5 17. Rac1 Rac8 18. Rfd1 Ndf6 19. Qe1 Ba6 20. h3 Bxd3 21. Nxd3 Nd7 22. Ne5 Nxe5 23. dxe5 Qb6 24. Nd4 Rc4 25. Qh4 Rfc8 26. Rxc4 dxc4 27. Qe7 Nc5 28. g4 fxg4 29. hxg4 Qd8 30. Qd6 Qh4 31. Rf1 Qg3+ 32. Kh1 Qh3+ 33. Kg1 Qxg4+ 34. Kh2 Qh5+ 35. Kg1 Qg4+ 36. Kh2 Qh5+ 37. Kg1 1-0

[Event "Budapest-chT1 Lilienthal 1011"]
[Site "Budapest"]
[Date "2010.11.14"]
[Round "4"]
[White "Vendeg, Balazs"]
[Black "Czegledi, Barna Jr"]
[Result "1/2-1/2"]
[WhiteElo "1888"]
[BlackElo "1769"]
[PlyCount "34"]
[EventDate "2010.09.19"]
[EventType "team-tourn"]
[EventRounds "11"]
[EventCountry "HUN"]
[SourceTitle "EXT 2020"]
[Source "ChessBase"]
[SourceDate "2019.10.17"]
[SourceVersion "1"]
[SourceVersionDate "2019.10.17"]
[SourceQuality "1"]
[WhiteTeam "Hid Unio"]
[BlackTeam "Budapest Vasas II"]
[WhiteTeamCountry "HUN"]
[BlackTeamCountry "HUN"]

1. d4 d5 2. Nf3 e6 3. c4 c6 4. cxd5 exd5 5. Qc2 Be7 6. Nc3 Nd7 7. e4 dxe4 8. Nxe4 Ngf6 9. Bc4 0-0 10. 0-0 Nb6 11. Bb3 Nbd5 12. Ng3 Re8 13. Ng5 Bf8 14. a3 Qb6 15. Bd2 h6 16. Nf3 Be6 17. Rac1 Ne3 1/2-1/2